000 01014nam a2200253 a 4500
001 BRCA_621
005 20190320203103.0
008 030110s2003 nyua---##b---#001-0#eng-d
020 _a1588390381
040 _aDLC
_cDLC
050 4 _aND553.M3
_b.T56 2003
100 1 _aTinterow, Gary
_92115
245 1 0 _aManet/Velázquez
_bthe French taste for Spanish painting
_cGary Tinterow and Geneviève Lacambre ; with Deborah L. Roldán ... [et al.].
260 _aNew Haven, Connecticut
_bYale University Press
_c2003
300 _axvi, 592 p.
_bil. (algunas a color)
_c32 cm.
500 _aCatálogo de la exposición realizada en el Museo de Orsay (París), 16 septiembre 2002 - 12 enero, 2003
500 _aIncluye índice alfabético
504 _aBibliografía: p. 543-576
650 1 4 _aPintura francesa
_vExposiciones
_xInfluencias españolas
_92116
650 1 4 _aPintura española
_vExposiciones
_xInfluencia
_92117
700 1 _aLacambre, Geneviève
_92118
700 1 _aRoldán, Deborah L
_92119
942 _2lcc
_cB
999 _c545
_d545